| 000 | 00429nam a2200181Ia 4500 | ||
|---|---|---|---|
| 005 | 20250423100517.0 | ||
| 008 | 250422s9999 xx 000 0 und d | ||
| 020 | _a0-87484-769-9 | ||
| 050 | _aBD 21 .M62/ | ||
| 100 | _aBrooke Noel Moore | ||
| 245 | 0 | _aPhilosophy | |
| 260 | _aCalifornia | ||
| 260 | _bMayfield Publishing Company | ||
| 260 | _c1990 | ||
| 300 | _a625 p | ||
| 650 | _aPhilosophy Introduction | ||
| 942 | _cBK | ||
| 999 |
_c33526 _d33526 |
||